000
00283nam a22001337a 4500
008
180302b xxu||||| |||| 00| 0 eng d
020
_a
9780809467372
041
_a
eng
080
_a
61
100
_a
4
101
_a
SHM
245
_a
The medical advisor
_c
Baum,N
942
_2
udc
_c
BK
999
_c
43933
_d
43933